[Event "14. Lichtenberger Sommer"]
[Site "14. Lichtenberger Sommer"]
[Date "2015.08.20"]
[Round "6.1"]
[White "Poetsch, Hagen"]
[Black "Stern, René"]
[Result "1/2-1/2"]
[WhiteElo "2498"]
[BlackElo "2536"]
[PlyCount "101"]
[EventDate "2015.??.??"]
[WhiteTeam "SF Schöneck"]
[BlackTeam "SK König Tegel"]

1. d4 d5 2. c4 e6 3. Nf3 Nf6 4. g3 Be7 5. Bg2 O-O 6. O-O dxc4 7. Ne5 c5 8. dxc5
Qc7 9. Nxc4 Rd8 10. Qb3 Nc6 11. Be3 Nd5 12. Nba3 Nxe3 13. Nb5 Qd7 14. Qxe3 Nb4
15. Nca3 a6 16. Nd6 Bxd6 17. Rfd1 Nd5 18. Bxd5 Bxc5 19. Qxc5 exd5 20. Nc4 Rb8
21. Nb6 Qc6 22. Qd4 Be6 23. e4 Rd6 24. Nc4 Rdd8 25. Ne3 f6 26. exd5 Qd6 27.
Rac1 Bf7 28. Nf5 Qd7 29. Qf4 Bg6 30. Ne3 Rbc8 31. Rxc8 Qxc8 32. d6 Qe6 33. b3
Qe5 34. Nd5 Qxf4 35. Nxf4 Bf7 36. Rd4 Kf8 37. f3 Ke8 38. Re4+ Kf8 39. Rd4 Ke8
40. Re4+ Kf8 41. Ne6+ Bxe6 42. Rxe6 Rd7 43. f4 g6 44. Kf2 Kf7 45. Re7+ Rxe7 46.
dxe7 Kxe7 47. Ke3 Ke6 48. Kd4 Kd6 49. b4 b6 50. Kc4 Kc6 51. h3 1/2-1/2

[Event "14. Lichtenberger Sommer"]
[Site "14. Lichtenberger Sommer"]
[Date "2015.08.20"]
[Round "6.2"]
[White "Malek, Daniel"]
[Black "Dauth, Benjamin"]
[Result "1/2-1/2"]
[WhiteElo "2398"]
[BlackElo "2360"]
[PlyCount "28"]
[EventDate "2015.??.??"]
[WhiteTeam "SK Zehlendorf"]
[BlackTeam "SC Rotation Pankow"]

1. d4 d5 2. c4 c6 3. Nf3 Nf6 4. e3 e6 5. Bd3 Bd6 6. O-O O-O 7. Nc3 Nbd7 8. e4
dxc4 9. Bxc4 e5 10. Bb3 exd4 11. Qxd4 Qe7 12. Bg5 Ne5 13. Qe3 Nxf3+ 14. Qxf3
Qe5 1/2-1/2

[Event "14. Lichtenberger Sommer"]
[Site "14. Lichtenberger Sommer"]
[Date "2015.08.20"]
[Round "6.3"]
[White "Gullaksen, Eirik"]
[Black "Brüdigam, Martin"]
[Result "1/2-1/2"]
[WhiteElo "2345"]
[BlackElo "2371"]
[PlyCount "69"]
[EventDate "2015.??.??"]
[WhiteTeam "Bergens schakklub"]
[BlackTeam "SK König Tegel"]

1. e4 e5 2. Nf3 Nc6 3. Bb5 a6 4. Ba4 Nf6 5. O-O Be7 6. Re1 b5 7. Bb3 d6 8. c3
O-O 9. h3 Na5 10. Bc2 c5 11. d4 Qc7 12. Nbd2 Nc6 13. d5 Nd8 14. a4 Rb8 15. axb5
axb5 16. Nf1 Bd7 17. Bg5 Nb7 18. Qd2 c4 19. Ng3 Nc5 20. Nh4 Kh8 21. Nhf5 Bxf5
22. Nxf5 Ng8 23. Nxe7 Nxe7 24. Ra3 Nc8 25. Rea1 Nb6 26. Be3 Ra8 27. f4 f6 28.
Rxa8 Rxa8 29. Rxa8+ Nxa8 30. fxe5 fxe5 31. Qf2 Kg8 32. Kh2 Nb6 33. Qf5 Qc8 34.
Qg5 Nbd7 35. Qg4 1/2-1/2

[Event "14. Lichtenberger Sommer"]
[Site "14. Lichtenberger Sommer"]
[Date "2015.08.20"]
[Round "6.4"]
[White "Abel, Dennes"]
[Black "Federau, Jürgen"]
[Result "1-0"]
[WhiteElo "2435"]
[BlackElo "2121"]
[PlyCount "141"]
[EventDate "2015.??.??"]
[WhiteTeam "SK Ricklingen"]
[BlackTeam "SC Kreuzberg e.V."]

1. d4 Nf6 2. c4 e6 3. g3 Bb4+ 4. Bd2 Qe7 5. Nc3 Nc6 6. Nf3 O-O 7. Bg2 Bxc3 8.
Bxc3 Ne4 9. Rc1 d6 10. d5 Nxc3 11. Rxc3 Nd8 12. dxe6 Nxe6 13. O-O Bd7 14. e3
Bc6 15. Qc2 a5 16. Rd1 f5 17. Nd4 Nxd4 18. Rxd4 Bxg2 19. Kxg2 b6 20. Rb3 Rf6
21. Rb5 Raf8 22. Rf4 g6 23. h4 h5 24. Rd5 Re6 25. Rdd4 Re8 26. b3 Kg7 27. Qe2
Re5 28. Qf3 Qe6 29. Qc6 Re7 30. a3 Qd7 31. Qa8 Qe8 32. Qf3 Qd7 33. Rd2 Qe8 34.
Rfd4 Re4 35. b4 axb4 36. axb4 Rxd4 37. Rxd4 Re5 38. Qb7 Qe7 39. Kf3 Kh6 40. Qc6
Kg7 41. Rd2 Qf7 42. Ke2 Re7 43. Rd4 Re5 44. Kd3 Qe7 45. Rd5 Re6 46. Kc2 Qf7 47.
Kb3 Re7 48. Ka4 Qf6 49. Rd4 Qe5 50. Qd5 Qf6 51. Qc6 Qe5 52. Kb3 Qe6 53. Rd1 Qe5
54. Qd5 Qf6 55. Rd2 Kh7 56. Ra2 Qg7 57. Ra8 Re5 58. Qd4 Qf7 59. Kc3 Re8 60. Ra7
Re7 61. Qd5 Qf6+ 62. Kb3 Qg7 63. Qc6 Qf7 64. Ra8 Qe6 65. Ka4 Qf6 66. Kb3 Rf7
67. Ra7 Qe7 68. Ka4 Kh6 69. Ra8 Kg7 70. Re8 Qe5 71. Rxe5 1-0

[Event "14. Lichtenberger Sommer"]
[Site "14. Lichtenberger Sommer"]
[Date "2015.08.20"]
[Round "6.5"]
[White "Figura, Atila Gajo"]
[Black "Vogel, Robert"]
[Result "1-0"]
[WhiteElo "2384"]
[BlackElo "2218"]
[PlyCount "43"]
[EventDate "2015.??.??"]
[WhiteTeam "SC Kreuzberg"]
[BlackTeam "SG Pang-Rosenheim"]

1. e4 g6 2. d4 Bg7 3. Nf3 d6 4. Bc4 Nf6 5. Qe2 e5 6. dxe5 dxe5 7. Nxe5 O-O 8.
Nc3 b5 9. Bxf7+ Rxf7 10. Nxf7 Kxf7 11. e5 Nd5 12. Qf3+ Ke6 13. Ne4 Qf8 14. Ng5+
Kxe5 15. Qg3+ Kd4 16. Be3+ Nxe3 17. fxe3+ Kd5 18. Qxc7 Qb4+ 19. c3 Qh4+ 20. g3
Qxg5 21. O-O-O+ Ke4 22. Qxc8 1-0

[Event "14. Lichtenberger Sommer"]
[Site "14. Lichtenberger Sommer"]
[Date "2015.08.20"]
[Round "6.6"]
[White "Muse, Drazen"]
[Black "Gallien, Fabian"]
[Result "1/2-1/2"]
[WhiteElo "2408"]
[BlackElo "2145"]
[PlyCount "49"]
[EventDate "2015.??.??"]
[WhiteTeam "SK König Tegel"]
[BlackTeam "SC Schwarz-Weiß Lichtenrade e.V."]

1. Nf3 d5 2. e3 Nf6 3. b3 Bg4 4. Bb2 Nbd7 5. Be2 c6 6. c4 e6 7. h3 Bf5 8. Nc3
h6 9. cxd5 exd5 10. a3 Bd6 11. d3 Qe7 12. Qc2 Bh7 13. g4 a6 14. b4 a5 15. b5 c5
16. Qb3 Nb6 17. Na4 c4 18. dxc4 Nxc4 19. Bd4 Be4 20. Nc3 a4 21. Qd1 Nb2 22. Qd2
Nc4 23. Qd1 Nb2 24. Qd2 Nc4 25. Qd1 1/2-1/2

[Event "14. Lichtenberger Sommer"]
[Site "14. Lichtenberger Sommer"]
[Date "2015.08.20"]
[Round "6.7"]
[White "Jahnz, Fabian"]
[Black "Bazarov, Konstantin"]
[Result "1/2-1/2"]
[WhiteElo "2224"]
[BlackElo "2321"]
[PlyCount "118"]
[EventDate "2015.??.??"]
[WhiteTeam "SK König Tegel"]
[BlackTeam "Moscow"]

1. e4 c5 2. c3 d5 3. exd5 Qxd5 4. d4 Nf6 5. Nf3 e6 6. Na3 Nc6 7. Nb5 Qd8 8.
dxc5 Bxc5 9. Qxd8+ Kxd8 10. Bf4 Bd7 11. Nd6 Bxd6 12. Bxd6 Ne4 13. Ba3 h6 14.
Rd1 Kc7 15. Bd3 Nf6 16. Bc2 Rad8 17. Bd6+ Kc8 18. O-O Nd5 19. c4 Nb6 20. b3 f6
21. Rfe1 e5 22. h3 g5 23. Bc5 Be6 24. Rxd8+ Rxd8 25. g4 Nd7 26. Ba3 h5 27. gxh5
Rh8 28. Kg2 Rxh5 29. Rh1 a5 30. Bb1 Kc7 31. Bc2 Nb4 32. Bb1 Nc5 33. Ne1 b6 34.
Kg3 Bd7 35. Rh2 f5 36. Bb2 f4+ 37. Kg2 Bc6+ 38. f3 e4 39. fxe4 Nxe4 40. Kg1 Ng3
41. a3 Na6 42. Bc2 Rh6 43. Bd1 Re6 44. Nc2 Be4 45. Nd4 Re7 46. Bg4 Nc5 47. b4
Bb7 48. Bc3 axb4 49. axb4 Nce4 50. Be1 Nf6 51. Bxg3 fxg3 52. Re2 Rxe2 53. Nxe2
g2 54. Nd4 Nxg4 55. hxg4 Kd6 56. c5+ bxc5 57. bxc5+ Kxc5 58. Ne6+ Kd6 59. Nxg5
Ke5 1/2-1/2

[Event "14. Lichtenberger Sommer"]
[Site "14. Lichtenberger Sommer"]
[Date "2015.08.20"]
[Round "6.8"]
[White "Von Herman, Ulf"]
[Black "Relea, Nicolas"]
[Result "1-0"]
[WhiteElo "2375"]
[BlackElo "2085"]
[PlyCount "69"]
[EventDate "2015.??.??"]
[WhiteTeam "SK König Tegel"]
[BlackTeam "Club d'Echecs de Condom"]

1. d4 c5 2. d5 e6 3. c4 exd5 4. cxd5 d6 5. Nc3 Be7 6. e4 Bf6 7. Qa4+ Bd7 8. Qb3
b6 9. Bf4 Qc7 10. Nb5 Bxb5 11. Bxb5+ Nd7 12. O-O-O Kf8 13. Nf3 c4 14. Qa4 Nc5
15. Qxc4 Rc8 16. Kb1 a6 17. Bc6 Ne7 18. Rhe1 Ng6 19. Bg3 h5 20. h4 Nd7 21. Qxa6
Nc5 22. Qc4 Kg8 23. Bb5 Qa7 24. Bxd6 Kh7 25. e5 Nb7 26. Bc6 Nxd6 27. exd6 b5
28. Qe2 Rhd8 29. d7 Rxd7 30. Bxd7 Qxd7 31. d6 Ra8 32. Ng5+ Kg8 33. Qe4 Rd8 34.
g3 Ne5 35. Qh7+ 1-0

[Event "14. Lichtenberger Sommer"]
[Site "14. Lichtenberger Sommer"]
[Date "2015.08.20"]
[Round "6.9"]
[White "Dimitrijeski, Kristian"]
[Black "Schild, Christoph"]
[Result "1/2-1/2"]
[WhiteElo "2158"]
[BlackElo "2375"]
[PlyCount "128"]
[EventDate "2015.??.??"]
[WhiteTeam "SK König Tegel"]
[BlackTeam "SK Freiburg-Zähringen 1887 e.V."]

1. d4 e6 2. c4 Nf6 3. Nc3 Bb4 4. Qc2 O-O 5. Nf3 b6 6. e4 Bxc3+ 7. bxc3 d6 8.
Bg5 Qe8 9. Bxf6 gxf6 10. Bd3 e5 11. O-O Nc6 12. d5 Ne7 13. Nd2 Ng6 14. g3 Bh3
15. Rfe1 Kh8 16. Bf1 Qd7 17. Qd3 Bg4 18. f3 Bh3 19. Bxh3 Qxh3 20. Qf1 Qh6 21.
Qf2 Rg8 22. Kh1 Ne7 23. Qe3 Qh3 24. f4 Rg6 25. f5 Rg5 26. Qf2 Rag8 27. Rg1 Rg4
28. Rae1 Qh6 29. Nf3 Rb8 30. Qe2 Rgg8 31. Rb1 Qf8 32. Qd2 Rg7 33. g4 Ng8 34.
Rg2 Qe8 35. Rbg1 h6 36. h4 Rh7 37. Nh2 Qa4 38. Qe2 Ne7 39. g5 hxg5 40. hxg5
fxg5 41. Rxg5 Rg8 42. Rh5 Rxg1+ 43. Kxg1 f6 44. Rxh7+ Kxh7 45. Ng4 Ng8 46. Ne3
Qe8 47. c5 bxc5 48. Qb2 Qc8 49. Qg2 Qf8 50. Qg6+ Kh8 51. Kf2 Qh6 52. Qxh6+ Nxh6
53. Nc4 Ng8 54. Kf3 Kg7 55. Na5 Ne7 56. Nb7 Kf8 57. c4 Ke8 58. Na5 Kd7 59. Kg4
c6 60. dxc6+ Nxc6 61. Nxc6 Kxc6 62. Kh5 Kd7 63. Kg4 Kc7 64. Kh5 Kd7 1/2-1/2

[Event "14. Lichtenberger Sommer"]
[Site "14. Lichtenberger Sommer"]
[Date "2015.08.20"]
[Round "6.10"]
[White "De Marchi, Olivier"]
[Black "Stark, Ingo"]
[Result "0-1"]
[WhiteElo "2283"]
[BlackElo "2121"]
[PlyCount "88"]
[EventDate "2015.??.??"]
[WhiteTeam "La Diagonale - Eybens"]
[BlackTeam "TSG Oberschöneweide"]

1. d4 Nf6 2. c4 c5 3. d5 e6 4. Nc3 exd5 5. cxd5 Bd6 6. g3 O-O 7. Bg2 Re8 8. Nf3
a6 9. O-O Bf8 10. d6 Re6 11. Bf4 Nh5 12. Ng5 Nxf4 13. gxf4 Rxd6 14. Bd5 Rf6 15.
Nce4 Rxf4 16. e3 Rf5 17. Qh5 h6 18. Bxf7+ Kh8 19. f4 Qb6 20. Bg6 Rf6 21. Nxf6
Qxf6 22. Bh7 Nc6 23. e4 d6 24. Bg6 Bg4 25. Nf7+ Qxf7 26. Qxg4 Qf6 27. Rae1 Rd8
28. Rf2 Be7 29. Bh5 Qh4 30. Re3 Qxg4+ 31. Bxg4 Bf6 32. e5 dxe5 33. Rb3 b5 34.
fxe5 Nxe5 35. Bf5 Nc6 36. Rf1 Rd2 37. Bg6 Ne5 38. Be4 Ng4 39. Rf4 h5 40. Bb7 g5
41. Rxg4 hxg4 42. Bxa6 Bxb2 43. Bxb5 Bd4+ 44. Kh1 Rd1+ 0-1

[Event "14. Lichtenberger Sommer"]
[Site "14. Lichtenberger Sommer"]
[Date "2015.08.20"]
[Round "6.11"]
[White "Hannebauer, Torsten"]
[Black "Ortmann, David"]
[Result "0-1"]
[WhiteElo "2166"]
[BlackElo "2302"]
[PlyCount "158"]
[EventDate "2015.??.??"]
[WhiteTeam "DB Woltersdorf"]
[BlackTeam "SC Böblingen"]

1. e4 e6 2. d4 d5 3. Nd2 Be7 4. Bd3 c5 5. dxc5 Nf6 6. Qe2 Nc6 7. Ngf3 Nb4 8. e5
Nd7 9. Nb3 Nxd3+ 10. Qxd3 a5 11. a4 Qc7 12. O-O Nxc5 13. Nxc5 Bxc5 14. c3 Bd7
15. Be3 Be7 16. Rfe1 Rc8 17. Qd4 Qc4 18. Qxc4 Rxc4 19. Nd2 Rc6 20. f4 O-O 21.
Nb3 b6 22. Red1 Rfc8 23. Nd2 Be8 24. Kf2 f6 25. Bd4 Bg6 26. Ke3 Rf8 27. Rf1 Bc2
28. g4 Bc5 29. Rfc1 Bg6 30. Rf1 fxe5 31. fxe5 Bc2 32. Rxf8+ Kxf8 33. b3 Be7 34.
Ke2 Bg5 35. Rc1 Bg6 36. Rf1+ Ke8 37. Nf3 Be7 38. Nd2 Bc5 39. Ke3 Ba3 40. Nb1
Be7 41. Ke2 Kd7 42. Nd2 Bc5 43. Ke3 Rc8 44. h4 h5 45. Rg1 Re8 46. g5 Rf8 47.
Rf1 Bf5 48. Rf2 Rc8 49. Rf1 Ke7 50. Rf2 Ba3 51. c4 g6 52. Bxb6 Rb8 53. Bxa5
Bc5+ 54. Ke2 Bxf2 55. Kxf2 dxc4 56. Bc7 Rb7 57. Bd6+ Kd7 58. b4 c3 59. Nb3 Kc6
60. Ke3 Kd5 61. a5 Kc4 62. Nc1 c2 63. Kd2 Kb5 64. Nb3 Kc4 65. Nc1 Rd7 66. Ne2
Rb7 67. Nc1 Rb5 68. Bc5 Rb8 69. a6 Be4 70. a7 Rd8+ 71. Bd6 Rd7 72. a8=Q Bxa8
73. Kxc2 Rf7 74. Ne2 Rf2 75. Kd2 Rh2 76. Ke3 Rh3+ 77. Kf2 Rxh4 78. b5 Kxb5 79.
Be7 Kc4 0-1

[Event "14. Lichtenberger Sommer"]
[Site "14. Lichtenberger Sommer"]
[Date "2015.08.20"]
[Round "6.12"]
[White "Zur, Jan"]
[Black "Rietze, Clemens"]
[Result "0-1"]
[WhiteElo "2103"]
[BlackElo "2289"]
[PlyCount "72"]
[EventDate "2015.??.??"]
[WhiteTeam "SC Rotation Pankow"]
[BlackTeam "SC Rotation Pankow"]

1. e4 c5 2. Nf3 e6 3. d4 cxd4 4. Nxd4 Nc6 5. Nc3 Qc7 6. Be3 a6 7. Be2 Nf6 8.
O-O Bb4 9. Na4 Bd6 10. g3 Be7 11. Nxc6 bxc6 12. Nb6 Rb8 13. Nxc8 Rxc8 14. Bf3
O-O 15. c4 d6 16. Qe2 Rb8 17. Rfd1 Nd7 18. Rd2 c5 19. Rad1 Ne5 20. Bf4 Nc6 21.
Rxd6 Bxd6 22. Bxd6 Qa5 23. Bxf8 Rxf8 24. a3 Nd4 25. Qe3 e5 26. Kg2 Qa4 27. Rc1
Rb8 28. Bd1 Qc6 29. b3 f5 30. f3 f4 31. gxf4 Qh6 32. Rc3 Ne6 33. fxe5 Nf4+ 34.
Kh1 Rd8 35. Qg1 Nh3 36. Qf1 Rxd1 0-1

[Event "14. Lichtenberger Sommer"]
[Site "14. Lichtenberger Sommer"]
[Date "2015.08.20"]
[Round "6.13"]
[White "Lorenz, Sascha"]
[Black "Hamann, Carsten"]
[Result "1-0"]
[WhiteElo "2222"]
[BlackElo "2116"]
[PlyCount "81"]
[EventDate "2015.??.??"]
[WhiteTeam "SK König Tegel"]
[BlackTeam "Preetzer TSV"]

1. f4 Nf6 2. Nf3 d6 3. d3 e5 4. e4 exf4 5. Bxf4 Nc6 6. Be2 Be7 7. O-O O-O 8. h3
d5 9. e5 Nd7 10. d4 Nb6 11. c3 Bf5 12. Bd3 Qd7 13. a4 a5 14. b3 Nd8 15. Be3
Bxd3 16. Qxd3 Ne6 17. Na3 Rac8 18. Qd2 c6 19. Nc2 Na8 20. Qe1 Nac7 21. Bd2 c5
22. Qg3 Kh8 23. Nh4 Bxh4 24. Qxh4 Qd8 25. Qg4 f6 26. Rae1 fxe5 27. Rxf8+ Qxf8
28. Rxe5 Re8 29. Ne3 Qf6 30. Nxd5 Nxd5 31. Rxd5 cxd4 32. cxd4 Rf8 33. Bxa5 Nf4
34. Rd7 h5 35. Qf3 Qe6 36. Rd8 Rxd8 37. Bxd8 Qe1+ 38. Kh2 Ne2 39. Qxh5+ Kg8 40.
Qe8+ Kh7 41. Qe3 1-0

[Event "14. Lichtenberger Sommer"]
[Site "14. Lichtenberger Sommer"]
[Date "2015.08.20"]
[Round "6.14"]
[White "Giemsa, Stephan"]
[Black "Schmidt, Markus"]
[Result "1-0"]
[WhiteElo "2336"]
[BlackElo "2108"]
[PlyCount "93"]
[EventDate "2015.??.??"]
[WhiteTeam "SK König Tegel"]
[BlackTeam "SK Turm Bad Hersfeld"]

1. d4 Nf6 2. c4 g6 3. Nc3 Bg7 4. e4 d6 5. Bd3 O-O 6. Nge2 Nc6 7. O-O Nh5 8. Bc2
e5 9. d5 Ne7 10. Kh1 f5 11. exf5 gxf5 12. f4 Nxf4 13. Nxf4 exf4 14. Bxf4 Ng6
15. Bd2 Qh4 16. Bf4 Nxf4 17. g3 Qh5 18. Rxf4 Qxd1+ 19. Rxd1 Bd7 20. Nb5 Bxb5
21. cxb5 Bxb2 22. Bxf5 Rae8 23. Rdf1 Kh8 24. Be6 Rxf4 25. Rxf4 Re7 26. Rf8+ Kg7
27. Rb8 b6 28. Kg2 Kf6 29. Kf3 Bc1 30. Ke4 h6 31. h4 Rg7 32. g4 Bd2 33. Rh8 Bc1
34. Rf8+ Ke7 35. Rf1 Bb2 36. Kf5 Bd4 37. Rf3 Bb2 38. Rh3 Bd4 39. g5 hxg5 40.
hxg5 Be5 41. g6 Bb2 42. Bf7 Bd4 43. Ra3 Kd7 44. Rxa7 Be5 45. Ra8 Bd4 46. Be8+
Ke7 47. Bc6 1-0

[Event "14. Lichtenberger Sommer"]
[Site "14. Lichtenberger Sommer"]
[Date "2015.08.20"]
[Round "6.15"]
[White "Berger, Steve"]
[Black "Albert, Jörg"]
[Result "1-0"]
[WhiteElo "2420"]
[BlackElo "2201"]
[PlyCount "79"]
[EventDate "2015.??.??"]
[WhiteTeam "SK König Tegel"]
[BlackTeam "SV Eiche Reichenbrand"]

1. e4 c6 2. Nc3 d5 3. Nf3 Bg4 4. h3 Bxf3 5. Qxf3 e6 6. Be2 Nd7 7. d4 Bb4 8. O-O
Ne7 9. Rd1 O-O 10. Bg5 f6 11. Bd2 Bd6 12. exd5 exd5 13. Bd3 Qe8 14. Re1 Qf7 15.
Bf4 Bb4 16. Qg3 Rfe8 17. Bd2 Nb6 18. b3 Rad8 19. a3 Bd6 20. Qg4 Ng6 21. Ne2 Nd7
22. Ng3 Ne7 23. Bb4 Bxb4 24. axb4 a6 25. h4 g6 26. h5 f5 27. hxg6 hxg6 28. Qf4
Nf6 29. f3 Kg7 30. Re5 Nd7 31. Re2 Ng8 32. Qg5 Kf8 33. Kf2 Qf6 34. Qf4 Rxe2+
35. Nxe2 Re8 36. Rh1 Qg7 37. g4 Ne7 38. gxf5 g5 39. Qd6 Nf6 40. Ng3 1-0

[Event "14. Lichtenberger Sommer"]
[Site "14. Lichtenberger Sommer"]
[Date "2015.08.20"]
[Round "6.16"]
[White "Nötzel, Felix"]
[Black "Kalinitschew, Sergey"]
[Result "0-1"]
[WhiteElo "2103"]
[BlackElo "2410"]
[PlyCount "94"]
[EventDate "2015.??.??"]
[WhiteTeam "SF 1903 Berlin"]
[BlackTeam "SC Kreuzberg"]

1. e4 c5 2. d4 e6 3. Nf3 cxd4 4. c3 d3 5. Bxd3 d5 6. exd5 exd5 7. O-O Nf6 8.
Re1+ Be7 9. Bg5 O-O 10. Bc2 Nc6 11. Qd3 g6 12. Nd4 Re8 13. Nd2 Bd7 14. Bb3 Kg7
15. N2f3 Ng8 16. Bxe7 Ncxe7 17. Ne5 Nf6 18. Re2 Nc6 19. Rae1 Qc7 20. Nxd7 Qxd7
21. f3 Rxe2 22. Rxe2 Re8 23. Rxe8 Qxe8 24. Kf2 Ne5 25. Qe2 Qb8 26. g3 h5 27.
Kg2 a6 28. f4 Nc6 29. Nxc6 bxc6 30. Qxa6 Qe8 31. Qd3 Qe1 32. Qd1 Qe4+ 33. Qf3
Qb1 34. Qe2 c5 35. Qc2 Qe1 36. h3 c4 37. Ba4 Ne4 38. Bc6 Qxg3+ 39. Kf1 Qxf4+
40. Ke1 Qg3+ 41. Kf1 Qxh3+ 42. Kg1 Qe3+ 43. Kh1 Qe1+ 44. Kg2 Nd2 45. a4 Qf1+
46. Kg3 Qg1+ 47. Kf4 Qf2+ 0-1

[Event "14. Lichtenberger Sommer"]
[Site "14. Lichtenberger Sommer"]
[Date "2015.08.20"]
[Round "6.17"]
[White "Miersch, Marco"]
[Black "Lerch, Philipp"]
[Result "0-1"]
[WhiteElo "2137"]
[BlackElo "2302"]
[PlyCount "22"]
[EventDate "2015.??.??"]
[WhiteTeam "SV Berolina Mitte"]
[BlackTeam "SC Kreuzberg"]

1. e4 c5 2. Nf3 d6 3. d4 cxd4 4. Nxd4 Nf6 5. Nc3 a6 6. Be2 e5 7. Nb3 Be7 8. f4
Qb6 9. Qd3 Nc6 10. Be3 Qc7 11. Nd5 Nxd5 0-1

[Event "14. Lichtenberger Sommer"]
[Site "14. Lichtenberger Sommer"]
[Date "2015.08.20"]
[Round "6.18"]
[White "Wirth, Heinz"]
[Black "Krefenstein, Sergej"]
[Result "0-1"]
[WhiteElo "2021"]
[BlackElo "2184"]
[PlyCount "76"]
[EventDate "2015.??.??"]
[WhiteTeam "SC Weisse Dame (Berlin)"]
[BlackTeam "TuS Makkabi Berlin"]

1. e4 c5 2. Nf3 Nc6 3. Bb5 e6 4. Bxc6 bxc6 5. O-O g6 6. d3 Bg7 7. Nc3 d5 8. Re1
Ne7 9. Na4 Qa5 10. c3 Ba6 11. Be3 c4 12. dxc4 Bxc4 13. Nc5 O-O 14. Bd4 e5 15.
Nb3 Qc7 16. Bc5 Rad8 17. Qc1 dxe4 18. Rxe4 Bd5 19. Ra4 Ra8 20. Ng5 h6 21. Ne4
f5 22. Ng3 Kh7 23. Qc2 f4 24. Ne4 f3 25. Nbd2 fxg2 26. Kxg2 Rf4 27. Bxe7 Qxe7
28. c4 Qg5+ 29. Kf1 Bxe4 30. Nxe4 Qh4 31. Re1 Qxh2 32. Re3 Rd8 33. Raa3 Qh1+
34. Ke2 Qg2 35. Rf3 Qg4 36. Rae3 Rd4 37. Ng3 e4 38. Nxe4 Rdxe4 0-1

[Event "14. Lichtenberger Sommer"]
[Site "14. Lichtenberger Sommer"]
[Date "2015.08.20"]
[Round "6.19"]
[White "Daverkausen, Bernd"]
[Black "Ferster, Fabian"]
[Result "1/2-1/2"]
[WhiteElo "2137"]
[BlackElo "2142"]
[PlyCount "61"]
[EventDate "2015.??.??"]
[WhiteTeam "SC Zugzwang 95 (Berlin)"]
[BlackTeam "SK Ottenau"]

1. Nf3 Nc6 2. d4 d5 3. Bf4 Bg4 4. c4 e6 5. Nc3 Bb4 6. Ne5 Nxe5 7. Bxe5 Bxc3+ 8.
bxc3 Nf6 9. Qb3 b6 10. Bxf6 gxf6 11. f3 Bf5 12. cxd5 exd5 13. e4 dxe4 14. Bb5+
Kf8 15. O-O e3 16. Rfe1 Qe7 17. Qd5 c6 18. Qxf5 cxb5 19. Qe4 Re8 20. Rxe3 f5
21. Qxe7+ Rxe7 22. Rae1 Rxe3 23. Rxe3 f6 24. Kf2 Kf7 25. f4 Rc8 26. Rh3 b4 27.
cxb4 Rc2+ 28. Ke3 Kg6 29. Rg3+ Kf7 30. Rh3 Kg6 31. Rg3+ 1/2-1/2

[Event "14. Lichtenberger Sommer"]
[Site "14. Lichtenberger Sommer"]
[Date "2015.08.20"]
[Round "6.20"]
[White "Postler, Reinhard"]
[Black "Rodmacq, Clement"]
[Result "1-0"]
[WhiteElo "2214"]
[BlackElo "2039"]
[PlyCount "49"]
[EventDate "2015.??.??"]
[WhiteTeam "TSG Oberschöneweide"]
[BlackTeam "La Diagonale - Eybens"]

1. e4 e6 2. d4 d5 3. Nd2 Nc6 4. Ngf3 Nf6 5. e5 Nd7 6. Bb5 f6 7. Nb3 a6 8. Bxc6
bxc6 9. O-O Nb6 10. Na5 Bd7 11. exf6 gxf6 12. Ne5 h5 13. Qd3 f5 14. Re1 Qf6 15.
Naxc6 h4 16. Bf4 Bd6 17. Nxd7 Kxd7 18. Be5 Bxe5 19. Nxe5+ Kc8 20. Qc3 Rg8 21.
f3 Rb8 22. Qc6 Qg7 23. Re2 Nc4 24. Qxe6+ Kb7 25. Qxd5+ 1-0